| 000 | 01199nam a2200325 i 4500 | ||
|---|---|---|---|
| 001 | 13395 | ||
| 003 | KOSZ 005 | ||
| 005 | 20200527143726.0 | ||
| 008 | 080721s1957 pl a f 000 0 pol | ||
| 015 | _aPB 1957/6839 | ||
| 035 | _a(OCoLC)68631719 | ||
| 040 |
_aWA N _cWA N _dKOSZ 005/KK |
||
| 080 | _a627 | ||
| 245 | 0 | 0 |
_aBudowle piętrzące : _bwykonawstwo / _cZbigniew Zmigrodzki [et al.]. |
| 260 |
_aWarszawa : _b"Arkady", _c1957. |
||
| 300 |
_a246, [2] stron, [1] karta, tablice : _bilustracje ; _c24 cm. |
||
| 336 |
_2rdacontent _aTekst _btxt |
||
| 337 |
_2rdamedia _aBez urządzenia pośredniczącego _bn |
||
| 338 |
_2rdacarrier _aWolumin _bnc |
||
| 380 | _aKsiążki. | ||
| 504 | _aBibliografia na stronach 246-247. | ||
| 521 | 8 | _aDla inżynierów i techników budownictwa wodnego i dla studentów wyższych uczelni technicznych. | |
| 658 | _aArchitektura i budownictwo | ||
| 655 | 4 | _aPodręczniki | |
| 650 | 4 | _aHydrotechnika | |
| 710 | 2 |
_aWydawnictwo "Arkady". _4pbl. |
|
| 700 | 1 |
_aŻmigrodzki, Zbigniew _d(1906-1963) _eAutor |
|
| 856 |
_uhttp://koha.tu.koszalin.pl/cgi-bin/koha/opac-detail.pl?biblionumber=13395 _yKatalog online BPK |
||
| 942 |
_2UKD _cKS |
||
| 999 |
_c13395 _d13395 |
||